Statistics for Five Highest Life Expectancy Countries by Continent

Click here to take the quiz!

General Stats

  • This quiz has been taken 2,416 times
    (2,396 since last reset)
  • The average score is 23 of 30

Answer Stats

ContinentLife ExpectancyCountry% Correct
North America81.38Canada
95%
Asia84.46Japan
95%
North America78.37United States
95%
Oceania81.81Australia
93%
Oceania80.59New Zealand
92%
South America76.95Argentina
89%
South America75.35Brazil
89%
South America76.35Uruguay
85%
Europe89.57Monaco
83%
South America75.77Paraguay
81%
Asia84.38Singapore
81%
Europe81.77Italy
80%
South America75.30Ecuador
77%
Europe81.50France
77%
Europe83.18San Marino
75%
Africa74.02Algeria
73%
North America77.70Cuba
71%
Africa75.78Tunisia
71%
North America77.72Costa Rica
70%
North America77.79Panama
70%
Oceania71.86Samoa
70%
Europe82.14Andorra
69%
Asia79.78Taiwan
69%
Oceania73.69Solomon Islands
67%
Oceania71.22Palau
66%
Asia80.96Israel
65%
Africa73.02Seychelles
64%
Africa74.00Mauritius
61%
Africa77.65Libya
56%
Asia80.05Jordan
32%

Score Distribution

Percentile by Number Answered

Percent of People with Each Score

Your Score History

You have not taken this quiz since the last reset